00285nam a2200109 4500008004100000100001700041245005700058260000900115300001300124650002300137773001500160190616b ||||| |||| 00| 0 eng d aHameed, Asif aThe rule of recognition and sources of law in Miller c2019 ap.61-81. aConstitutional Law aPublic Law